| 000 | 00494nam a2200193Ia 4500 | ||
|---|---|---|---|
| 005 | 20240823052555.0 | ||
| 008 | 240823s9999||||xx |||||||||||||| ||und|| | ||
| 020 | _a978-81-8209-285-3 | ||
| 041 | _aENGLISH | ||
| 082 | _A005.4469 Q1 | ||
| 100 | _aSasi Venkat | ||
| 245 | 0 | _aRed Hat Enterprise Linux 5.0 A Practical Guide | |
| 250 | _a1st | ||
| 260 |
_c2011 _bVijay Nicole Imprints Private Li |
||
| 500 | _aYES | ||
| 650 |
_aLinux 5.0 _bComputer Science |
||
| 942 | _cBK | ||
| 999 |
_c222190 _d222190 |
||